书目信息 |
| 题名: |
测绘管理与法律法规精选模拟冲刺试卷汇编
|
|
| 作者: | 欧阳烨 , 王雅婷 , 王勇 主编 | |
| 分册: | ||
| 出版信息: | 哈尔滨 哈尔滨地图出版社 2018重印 |
|
| 页数: | 263页 | |
| 开本: | 26cm | |
| 丛书名: | 注册测绘师资格考试精品应试辅导丛书 | |
| 单 册: | ||
| 中图分类: | P205-44 , D922.17-44 | |
| 科图分类: | ||
| 主题词: | 测绘--行政管理--中国--资格考试--试题 , 测绘法令--行政管理--中国--资格考试--试题 | |
| 电子资源: | ||
| ISBN: | 978-7-5465-1532-8 | |
| 000 | 01160oam2 2200313 45 | |
| 001 | 012001001867 | |
| 005 | 20191121104553.00 | |
| 010 | @a978-7-5465-1532-8@dCNY52.00 | |
| 100 | @a20181129d2017 em y0chiy50 ea | |
| 101 | 0 | @achi |
| 102 | @aCN@b230000 | |
| 105 | @ay q 000yy | |
| 106 | @ar | |
| 200 | 1 | @a测绘管理与法律法规精选模拟冲刺试卷汇编@Ace hui guan li yu fa lv fa gui jing xuan mo ni chong ci shi juan hui bian@f欧阳烨,王雅婷,王勇主编 |
| 205 | @a3版 | |
| 210 | @a哈尔滨@c哈尔滨地图出版社@d2018重印 | |
| 215 | @a263页@d26cm | |
| 225 | 1 | @a注册测绘师资格考试精品应试辅导丛书 |
| 330 | @a本书共包括15套模拟试卷和6套真题,每套试卷均由三部分组成:单选试题、多选试题、参考答案及解析。另附部分测绘法律法规的重要知识。 | |
| 410 | 0 | @12001 @a注册测绘师资格考试精品应试辅导丛书 |
| 606 | 0 | @a测绘@x行政管理@y中国@x资格考试@j试题 |
| 606 | 0 | @a测绘法令@x行政管理@y中国@x资格考试@j试题 |
| 690 | @aP205-44@v5 | |
| 690 | @aD922.17-44@v5 | |
| 701 | 0 | @a欧阳烨@Aou yang ye@4主编 |
| 701 | 0 | @a王雅婷@Awang ya ting@4主编 |
| 701 | 0 | @a王勇@Awang yong@c(测绘)@4主编 |
| 801 | 0 | @aCN@b北京卓展@c20191020 |
| 905 | @b1202714-7@dP205-44@e308=3@f4 | |
| 测绘管理与法律法规精选模拟冲刺试卷汇编/欧阳烨,王雅婷,王勇主编.-3版.-哈尔滨:哈尔滨地图出版社,2018重印 |
| 263页;26cm.-(注册测绘师资格考试精品应试辅导丛书) |
| ISBN 978-7-5465-1532-8:CNY52.00 |
| 本书共包括15套模拟试卷和6套真题,每套试卷均由三部分组成:单选试题、多选试题、参考答案及解析。另附部分测绘法律法规的重要知识。 |
| ● |
| 相关链接 |
|
|
|
|
正题名:测绘管理与法律法规精选模拟冲刺试卷汇编
索取号:P205-44/308=3
 
预约/预借
| 序号 | 登录号 | 条形码 | 馆藏地/架位号 | 状态 | 备注 |
| 1 | 1202714 | 212027144 | 第二样本阅览室/ [索取号:P205-44/308=3] | 在馆 | |
| 2 | 1202716 | 212027162 | 第三借阅区/ [索取号:P205-44/308=3] | 在馆 |